00327nam a22000977a 4500040000900000100001300009245007200022942001200094999001900106952010400125 cSCME aYan Bing aWitness to china’s reform and opening up series of 40 celebrities 2ddccBK c589566d589566 00102ddc4070aSCMEbSCMEcCARTd2022-05-10l0o951 B6121WpSCME-D233r2022-05-10w2022-05-10yBK